000
00284nam a2200109 4500
008
b xx# fre u
040
_a
LB-BrCRDP
082
1
_a
740
_b
BAR
245
1
0
_a
Mon zoo en papier
_c
Edith Barker
942
_c
BK
999
_c
9601
_d
9601